Statistiques concernant Le Monde par lettre - C

Cliquez ici pour prendre le quiz!

Statistiques générales

  • Ce quiz a été pris 450 fois
    (382 depuis la dernière actualisation)
  • Le résultat moyen est 10 sur 15

Statistiques - réponses

IndicesRéponses% Correct
Ville française où a lieu un festival cinématographique chaque annéeCannes ou Cognac
98%
Nom de famille du cinéaste célèbre du prénom de CharlieChaplin
93%
Nom de famille du premier ministre du Royaume-Uni lors de la Seconde Guerre MondialeChurchill
91%
Il y en a six dans le monde et, pour la plupart, nous vivons sur un seulContinents
91%
Deuxième plus grand pays commençant par CChine
90%
Sorte de réchauffement auquel nous faisons face (réchauffement __________)Climatique
90%
Plus grand pays commençant par CCanada
79%
État américain le plus peupléCalifornie
77%
Organisation politique fondée sur la suppression de la propriété privée au profit de la propriété collectiveCommunisme
73%
En Iran, il y a deux branches prédominantes de l'islam : les Sunnites et les _____Chiites
72%
Péninsule située au sud de l'UkraineCrimée
66%
Le Jeudi Noir en est une (_____ boursière)Crise
56%
Événement historique s'étant passé (en 1453) dans l'actuelle TurquieChute de Constantinople
35%
Décision volontaire de commettre un attentat (Synonyme de conspiration)Complot
28%
Prénom de la cheffe de l'exécutif de Hong KongCarrie
2%

Distribution des résultats

Percentile par nombre de réponses

% des personnes avec chaque résultat

Votre développement - résultats

Vous n’avez pas pris ce quiz depuis la dernière actualisation